<?xml version="1.0" encoding="UTF-8"?>
<record
    xmlns:xsi="http://www.w3.org/2001/XMLSchema-instance"
    xsi:schemaLocation="http://www.loc.gov/MARC21/slim http://www.loc.gov/standards/marcxml/schema/MARC21slim.xsd"
    xmlns="http://www.loc.gov/MARC21/slim">

  <leader>01509nam a22001937a 4500</leader>
  <controlfield tag="003">OSt</controlfield>
  <controlfield tag="005">20260424155357.0</controlfield>
  <controlfield tag="008">260424b        |||||||| |||| 00| 0 eng d</controlfield>
  <datafield tag="020" ind1=" " ind2=" ">
    <subfield code="a">9788129137258</subfield>
  </datafield>
  <datafield tag="040" ind1=" " ind2=" ">
    <subfield code="c">AACR-II</subfield>
  </datafield>
  <datafield tag="082" ind1=" " ind2=" ">
    <subfield code="a">OBR T</subfield>
  </datafield>
  <datafield tag="100" ind1=" " ind2=" ">
    <subfield code="a">O'brien, Terry</subfield>
    <subfield code="9">18937</subfield>
  </datafield>
  <datafield tag="245" ind1=" " ind2=" ">
    <subfield code="a">50 greatest short stories</subfield>
  </datafield>
  <datafield tag="260" ind1=" " ind2=" ">
    <subfield code="a">New Delhi</subfield>
    <subfield code="b">Rupa Publications </subfield>
    <subfield code="c">2015</subfield>
  </datafield>
  <datafield tag="300" ind1=" " ind2=" ">
    <subfield code="a">589 p.</subfield>
  </datafield>
  <datafield tag="520" ind1=" " ind2=" ">
    <subfield code="a">50 Greatest Short Stories is a selection from the best of the world&#x2019;s short fiction, bringing together writings by great masters of the genre. Carefully picked for their timeless quality, readers are sure to be delighted by the inclusion of such favourites as &#x2018;The Gift of the Magi&#x2019;, &#x2018;The Lady with the Dog&#x2019;, &#x2018;The Curious Case of Benjamin Button&#x2019;, &#x2018;Rain&#x2019; and &#x2018;Mrs Packletide&#x2019;s Tiger&#x2019;, to name but a few.
This outstanding and wide-ranging anthology of stories is a collector&#x2019;s item, designed for readers to refresh their acquaintance with some of the world&#x2019;s finest writing and for newer readers to be introduced to it.
Anton Chekov, Charles Dickens, Katherine Mansfield, Guy de Maupassant, F. Scott Fitzgerald, H. Rider Haggard, O. Henry, Rudyard Kipling, W.W. Jacobs, Virginia Woolf, D.H. Lawrence, Saki, Jerome K. Jerome, H.G. Wells, Kate Chopin, Ambrose Bierce, Jack London, Frank Stockton, Edgar Allan Poe, Stephen Leacock, James Joyce, Bram Stoker, Joseph Conrad, M. R. James, W. Somerset Maugham, R. L. Stevenson.
</subfield>
  </datafield>
  <datafield tag="650" ind1=" " ind2=" ">
    <subfield code="a">Fiction </subfield>
    <subfield code="9">18938</subfield>
  </datafield>
  <datafield tag="942" ind1=" " ind2=" ">
    <subfield code="2">ddc</subfield>
    <subfield code="c">B</subfield>
  </datafield>
  <datafield tag="952" ind1=" " ind2=" ">
    <subfield code="0">0</subfield>
    <subfield code="1">0</subfield>
    <subfield code="2">ddc</subfield>
    <subfield code="4">0</subfield>
    <subfield code="7">0</subfield>
    <subfield code="a">LBSNAA</subfield>
    <subfield code="b">LBSNAA</subfield>
    <subfield code="d">2026-04-24</subfield>
    <subfield code="g">395.00</subfield>
    <subfield code="l">0</subfield>
    <subfield code="o">OBR T</subfield>
    <subfield code="p">185951</subfield>
    <subfield code="r">2026-04-24</subfield>
    <subfield code="w">2026-04-24</subfield>
    <subfield code="y">B</subfield>
    <subfield code="A"></subfield>
  </datafield>
  <datafield tag="999" ind1=" " ind2=" ">
    <subfield code="c">360781</subfield>
    <subfield code="d">360781</subfield>
  </datafield>
</record>
